Statistics for Cities with the letter N

Click here to take the quiz!

General Stats

  • This quiz has been taken 45 times
  • The average score is 45 of 55

Answer Stats

HintCity% Correct
Capital of the UKLondon
98%
Capital of the USWashington D.C.
98%
City that was divided in GermanyBerlin
95%
Where the Statue of Liberty isNew York City
95%
Named after Alexander the GreatAlexandria
93%
Capital of GreeceAthens
93%
...... Tea PartyBoston
93%
Capital of CubaHavana
93%
Capital of HawaiiHonolulu
93%
Turkish city in both Asia and EuropeIstanbul
93%
Capital of PortugalLisbon
93%
City in Japan that was nuked in WW2Nagasaki
93%
Capital of IndiaNew Delhi
93%
Biggest city in CanadaToronto
93%
Capital of New ZealandWellington
93%
Capital of TurkeyAnkara
91%
Capital of ChinaBeijing
91%
Capital of DenmarkCopenhagen
91%
Capital of IrelandDublin
91%
Capital of VietnamHanoi
91%
Capital of FinlandHelsinki
91%
City in China that was a British colonyHong Kong
91%
Second biggest city in AustraliaMelbourne
91%
Capital of the BahamasNassau
91%
Capital of ChileSantiago
91%
Capital of IranTehran
91%
Biggest city in New ZealandAuckland
89%
Capital of ThailandBangkok
89%
Capital of ArgentinaBuenos Aires
89%
Capital of BelarusMinsk
89%
Capital of AustriaVienna
89%
Capital of IndianaIndianapolis
86%
Capital of JamaicaKingston
86%
Biggest city in ItalyMilan
86%
Capital of JordanAmman
84%
Biggest city in AlaskaAnchorage
84%
Former capital of West GermanyBonn
84%
Capital of NepalKathmandu
84%
Capital of UruguayMontevideo
84%
Capital of Costa Rica and a city in CaliforniaSan Jose
84%
Capital of LithuaniaVilnius
84%
Capital of the DRCKinshasa
80%
Named after the founder of VietnamHo Chi Minh City
77%
Capital of ArmeniaYerevan
75%
Has the busiest airport in the worldAtlanta
73%
Capital of CambodiaPhnom Penh
73%
Mythical birdPhoenix
73%
Beach city in Southern-FranceCannes
70%
Biggest city in FloridaJacksonville
70%
Biggest city in MyanmarYangon
59%
Capital of SwitzerlandBerne
55%
Capital of MongoliaUlan Bator
52%
Capital of MyanmarNaypyidaw
41%
Has the biggest ferris wheel in the worldOrlando
39%
Also known as Radiant CityMedina
2%

Score Distribution

Percentile by Number Answered

Percent of People with Each Score

Your Score History

You have not taken this quiz